000 00579nam a2200229Ia 4500
005 20260429112200.0
008 260429s9999||||xx |||||||||||||| ||und||
020 _a9789389296518
041 _aEnglish
082 _a616.01
_bPAR
100 _aParker, Nina
245 0 _aMicrobiology /
_cNina Parker
250 _a1st ed.
260 _aNew Delhi :
_bManakin Press,
_c2020.
300 _a1307 p.; hb
650 _aMicrobiology
700 _a Forster, Brian M.
700 _a Lister, Philip
700 _a Schneegurt, Mark
700 _a Thi Tu, Anh-Hue
942 _cTB
999 _c52768
_d52768